|
|
|
|
| LEADER |
01440nam a2200325 i 4500 |
| 001 |
34428 |
| 003 |
BD-DhAAL |
| 005 |
20190328102913.0 |
| 008 |
190328t2018 nyua b 001 0 eng |
| 999 |
|
|
|c 40565
|d 40565
|
| 010 |
|
|
|a 2017009589
|
| 020 |
|
|
|a 9781138797017 (hardback)
|
| 020 |
|
|
|z 9781315757483 (ebook)
|
| 040 |
|
|
|a DLC
|b eng
|c DLC
|e rda
|d DLC
|d BD-DhAAL
|
| 042 |
|
|
|a pcc
|
| 050 |
0 |
0 |
|a T58.5
|b .B375 2018
|
| 082 |
0 |
0 |
|a 003.54
|2 23
|
| 100 |
1 |
|
|a Basden, Andrew,
|d 1948-
|9 30752
|
| 245 |
1 |
0 |
|a Foundations of information systems :
|b research and practice /
|c Andrew Basden.
|
| 260 |
|
|
|a New York :
|b Routledge,
|c c2018.
|
| 300 |
|
|
|a xxviii, 433 pages :
|b illustrations ;
|c 24 cm.
|
| 504 |
|
|
|a Includes bibliographical references and index.
|
| 505 |
0 |
|
|a Philosophies -- Dooyeweerd's philosophy -- Foundations, research and practice -- The nature of information and communication technology -- ICT use -- ICT features -- ICT and society -- ICT development -- Overview and reflection -- Contributions and limitations -- Opportunities and recommendations.
|
| 526 |
|
|
|a AAL
|
| 541 |
|
|
|a Parama
|e 34428
|
| 650 |
|
0 |
|a Information technology.
|9 30753
|
| 650 |
|
0 |
|a Information behavior.
|9 30754
|
| 852 |
|
|
|a Ayesha Abed Library
|c General Stacks
|
| 942 |
|
|
|2 ddc
|c BK
|
| 952 |
|
|
|0 0
|1 0
|2 ddc
|4 0
|6 003_540000000000000_BAS
|7 0
|9 65186
|a BRACUL
|b BRACUL
|c GEN
|d 2019-02-26
|e Parama
|g 7455.00
|l 0
|o 003.54 BAS
|p 3010034428
|r 2019-02-26
|t 1
|v 7455.00
|w 2019-02-26
|y BK
|